| 000 | 00610nam a2200229Ia 4500 | ||
|---|---|---|---|
| 003 | 0100 | ||
| 008 | 130303s9999 xx 000 0 und d | ||
| 040 | _cARRUPELIB | ||
| 050 | _aLB175.E6W9 1965 | ||
| 100 | _aWoodward, William Harrison | ||
| 245 | _aDesiderius Erasmus concerning the aim and method of education | ||
| 260 | _aNew York | ||
| 260 | _bColumbia University | ||
| 260 | _C1965 | ||
| 300 | _axxiii | ||
| 300 | _b 244p. 19cm. | ||
| 440 | _aClassics in Education ; No. 19 | ||
| 650 | _bPhilosphy - Introductions | ||
| 650 | _cSelf (Philosophy) | ||
| 650 | _dEthics | ||
| 942 |
_2lcc _01 |
||
| 999 |
_c60552 _d60552 |
||